|
|
|
|
| LEADER |
01568nam a2200337 a 4500 |
| 001 |
32076 |
| 005 |
20211116112405.0 |
| 008 |
170916s1996 caua b 001 0 eng |
| 999 |
|
|
|c 38297
|d 38297
|
| 010 |
|
|
|a 95044736
|
| 020 |
|
|
|a 0892362502
|q cloth
|
| 020 |
|
|
|a 0892363983
|q paper
|
| 035 |
|
|
|a 1633574
|
| 040 |
|
|
|a LC
|b eng
|c LC
|d LC
|
| 050 |
0 |
0 |
|a N8555
|b .H57 1996
|
| 082 |
0 |
0 |
|a 702.88
|2 20
|
| 245 |
0 |
0 |
|a Historical and philosophical issues in the conservation of cultural heritage /
|c edited by Nicholas Stanley Price, M. Kirby Talley, Jr., Alessandra Melucco Vaccaro.
|
| 260 |
|
|
|a Los Angeles :
|b Getty Conservation Institute,
|c c1996.
|
| 300 |
|
|
|a xvii, 500 pages :
|b illustrations (some col.) ;
|c 26 cm.
|
| 490 |
1 |
|
|a Readings in conservation
|
| 504 |
|
|
|a Includes bibliographical references (p. 451-471) and index.
|
| 650 |
|
0 |
|a Art
|x Conservation and restoration.
|9 25128
|
| 650 |
|
0 |
|a Architecture
|x Conservation and restoration.
|9 25129
|
| 650 |
|
0 |
|a Architecture.
|9 42697
|
| 700 |
1 |
|
|a Melucco Vaccaro, Alessandra.
|9 25130
|
| 700 |
1 |
|
|a Talley, Mansfield Kirby.
|9 25131
|
| 700 |
1 |
|
|a Price, Nicholas Stanley,
|d 1947-
|9 25132
|
| 830 |
|
0 |
|a Readings in conservation.
|9 25133
|
| 942 |
|
|
|2 ddc
|c BK
|
| 952 |
|
|
|0 0
|1 0
|2 ddc
|4 0
|6 702_880000000000000_HIS
|7 0
|9 61299
|a BRACUL
|b BRACUL
|c GEN
|d 2017-10-31
|e R K Corporation
|g 8400.00
|l 0
|o 702.88 HIS
|p 3010032076
|r 2017-09-16
|t 1
|v 8400.00
|y BK
|
| 952 |
|
|
|0 0
|1 0
|2 ddc
|4 0
|6 702_880000000000000_HIS
|7 0
|9 62610
|a BRACUL
|b BRACUL
|c GEN
|d 2018-01-14
|e Development Book Agency
|g 6069.00
|l 0
|o 702.88 HIS
|p 3010032597
|r 2018-01-14
|t 2
|v 6069.00
|w 2018-01-14
|y BK
|